000 00308nam a2200133Ia 4500
005 20260326235444.0
008 260326s9999||||xx |||||||||||||| ||und||
100 _aMacaulay, David
245 0 _aPyramid /
_cDavid Macaulay
260 _bHoughton Mifflin
300 _a80 p.
650 _aHISTORIA
942 _cBK
999 _c7508
_d7508